000 00906cam a2200229 4500
001 X113075
008 000000n2001 000 0 eng u
035 _a(Sirsi) u113075
100 _aGreeman, A.
245 _aNew technology
260 _c2001
490 _aConstruction News
_v(6719) 7 June 2001, 26-29(4)
520 _aDetailed report on the greater role that composites are going to play in the construction industry, following research by Taylor Woodrow into polymer composites. Detailed discussion of various composites and how the restructuring of Taylor Woodrow has affected the direction of its future research plans.
650 _aCARBON FIBRE POLYMERS
650 _aGLASS FIBRES
650 _aTAYLOR WOODROW
650 _aRESEARCH AND DEVELOPMENT
650 _aBUILDING COMPONENTS
650 _aWHOLE-LIFE COSTING
690 _aBUILT ENVIRONMENT-BUILDING MATERIALS
942 _n0
999 _c67313
_d67313